What are...? : Deserts

Bibliographic Details
Main Author: Owen, Andy
Format: Book
Published: Oxford : Heinemann Library , 2000
Series:Take-off!
Subjects:

MARC

LEADER 00000cam a2200000 7i4500
001 0000053015
005 20161224.0
008 151013
020 |a 0431023468 
090 0 0 |a GEO   |b ENG 
100 1 |a Owen, Andy 
245 1 0 |a What are...? :   |b Deserts   |c Andy Owen and Miranda Ashwell 
260 |a Oxford :   |b Heinemann Library ,   |c 2000 
300 |a 32pg. :   |b Col.ill 
490 1 |a Take-off! 
650 0 |a Children's stories, English 
650 0 |a Deserts--Juvenile literature 
999 |a 0000898095   |b Book   |c Children Collection   |e Cawangan Tangkak 
999 |a 0000898098   |b Book   |c Children Collection   |e Cawangan Tangkak 
999 |a 0000898107   |b Book   |c Children Collection   |e Cawangan Pontian 
999 |a 0000898108   |b Book   |c Children Collection   |e Cawangan Pontian 
999 |a 0000898109   |b Book   |c Children Collection   |e Cawangan Pontian 
999 |a 0000898110   |b Book   |c Children Collection   |e Cawangan Pontian 
999 |a 0000898120   |b Book   |c Children Collection   |e Cawangan Sri Merlong 
999 |a 0000898121   |b Book   |c Children Collection   |e Cawangan Sri Merlong 
999 |a 0000898122   |b Book   |c Children Collection   |e Cawangan Sri Merlong 
999 |a 0000898123   |b Book   |c Children Collection   |e Cawangan Sri Merlong 
999 |a 0000898124   |b Book   |c Children Collection   |e Cawangan Sri Merlong 
999 |a 0000898132   |b Book   |c Children Collection   |e Cawangan Segamat 
999 |a 0000898133   |b Book   |c Children Collection   |e Cawangan Segamat 
999 |a 0000898134   |b Book   |c Children Collection   |e Cawangan Segamat 
999 |a 0000898135   |b Book   |c Children Collection   |e Cawangan Bandar Penawar 
999 |a 0000898136   |b Book   |c Children Collection   |e Cawangan Bandar Penawar 
999 |a 0000898137   |b Book   |c Children Collection   |e Cawangan Bandar Penawar 
999 |a 0000898138   |b Book   |c Children Collection   |e Cawangan Bandar Penawar 
999 |a 0000898139   |b Book   |c Children Collection   |e Cawangan Bandar Penawar 
999 |a 0000898140   |b Book   |c Children Collection   |e Cawangan Mersing 
999 |a 0000898141   |b Book   |c Children Collection   |e Cawangan Mersing 
999 |a 0000898142   |b Book   |c Children Collection   |e Cawangan Mersing 
999 |a 0000898143   |b Book   |c Children Collection   |e Cawangan Mersing 
999 |a 0000926960   |b Book   |c Children Collection   |e Cawangan Bukit Gambir 
999 |a 0000926961   |b Book   |c Children Collection   |e Cawangan Bukit Gambir 
999 |a 0000935864   |b Book   |c Children Collection   |e Cawangan Tangkak 
999 |a 0000935866   |b Book   |c Children Collection   |e Cawangan Tangkak 
999 |a 000898127   |b Book   |c Children Collection   |e Cawangan Batu Pahat 
999 |a 000898128   |b Book   |c Children Collection   |e Cawangan Batu Pahat